Drużyny NBA - Statystyki

Ogólne statystyki
  • Ten quiz został rozwiązany 130 razy
  • Średni wynik to 18 z 30
Statystyki odpowiedzi
Konferencja Zespół % Poprawnych
Zachodnia Los Angeles Lakers
94%
Wschodnia Boston Celtics
85%
Wschodnia Chicago Bulls
80%
Zachodnia Los Angeles Clippers
80%
Wschodnia Miami Heat
76%
Zachodnia Golden State Warriors
72%
Wschodnia Washington Wizards
72%
Wschodnia Toronto Raptors
69%
Wschodnia New York Knicks
65%
Zachodnia San Antonio Spurs
64%
Zachodnia Houston Rockets
63%
Wschodnia Brooklyn Nets
62%
Zachodnia Denver Nuggets
62%
Wschodnia Orlando Magic
62%
Zachodnia Phoenix Suns
60%
Zachodnia Utah Jazz
59%
Zachodnia Dallas Mavericks
55%
Wschodnia Milwaukee Bucks
54%
Zachodnia Oklahoma City Thunder
53%
Zachodnia Sacramento Kings
53%
Wschodnia Cleveland Cavaliers
52%
Wschodnia Detroit Pistons
52%
Wschodnia Atlanta Hawks
51%
Wschodnia Philadelphia 76ers
50%
Wschodnia Charlotte Hornets
46%
Wschodnia Indiana Pacers
46%
Zachodnia Memphis Grizzlies
43%
Zachodnia New Orleans Pelicans
40%
Zachodnia Portland Trail Blazers
36%
Zachodnia Minesota Timberwolves
33%
Nie znaleziono quizów pasujących do podanych kryteriów
Rozkład punktacji
Procent ludzi z każdym wynikiem
Percentyl według liczby udzielonych odpowiedzi
Twoja historia wyników
Nie rozwiązałeś tego quizu